Západní Balkán na cestě do Evropské unie

Vstup Slovinska do Európskej únie v roku 2004. Chorvátsko, Macedónia a Čierna Hora - kandidátsky status. Srbsko, Albánsko, Bosna a Hercegovina a Kosovo ako potenciálni kandidáti. Chorvátsko ako potenciálne najbližší kandidát na členstvo v Európskej únii. Macedónsko a Čierna Hora ako kandidáti s ťažk...

Descrizione completa

Salvato in:
Dettagli Bibliografici
Autore principale: Stojarová, Věra
Natura: Capitolo di libro
Lingua:ceco
Soggetti:
Tags: Aggiungi Tag
Nessun Tag, puoi essere il primo ad aggiungerne!!

MARC

LEADER 00000naa a2200000 4500
001 0130057
005 20231016094529.9
041 0 |a cze 
044 |a CZ 
245 1 0 |a Západní Balkán na cestě do Evropské unie  |c Věra Stojarová 
520 |a Vstup Slovinska do Európskej únie v roku 2004. Chorvátsko, Macedónia a Čierna Hora - kandidátsky status. Srbsko, Albánsko, Bosna a Hercegovina a Kosovo ako potenciálni kandidáti. Chorvátsko ako potenciálne najbližší kandidát na členstvo v Európskej únii. Macedónsko a Čierna Hora ako kandidáti s ťažkosťami. Prípadné členstvo Srbska a Albánska spojené s otázkou Kosova. 
610 2 0 |a Európska únia 
610 2 0 |a integrácia ekonomická medzinárodná 
610 2 0 |a politika medzinárodná 
610 2 0 |a vzťahy medzinárodné 
610 2 0 |a Balkán 
610 2 0 |a Juhoslávia 
100 1 |a Stojarová, Věra